00576 2200217 4500001002100000005001700021008004100038035002400079040001500103082001000118090001700128100001400145245003300159250001100192260004100203300001900244500004400263650002400307850001200331990001500343YOGYA-0209000003413120090227024847.0 ind  0010-020900000034131 aYOPDYOG(B) a959.8 a959.8bOng R aOnghokham aRakyat dan negaracOnghokham aCet. 2 aJakartabPustaka Sinar Harapanc1991 a180 hlmc21 cm aDiterbitkan atas kerjasama dengan LP3ES aIndonesia - Sejarah aYOPDYOG a00B0001464